All Creatures in Jurassic World Evolution 3 - Statistics

General Stats
  • This quiz has been taken 14 times
    5 since last reset
  • The average score is 72 of 98
Answer Stats
Habitat Type Diet DLC Answer % Correct
Land Carnivore Basegame Allosaurus
100%
Land Herbivore Basegame Ankylosaurus
100%
Land Herbivore Basegame Apatosaurus
100%
Land Piscivore/Carnivore Wetlands DLC Austroraptor
100%
Land Piscivore Basegame Baryonyx
100%
Land Herbivore Basegame Brachiosaurus
100%
Land Carnivore Basegame Carnotaurus
100%
Land Carnivore Basegame Dilophosaurus
100%
Aviary Piscivore Basegame Dimorphodon
100%
Land Herbivore Basegame Diplodocus
100%
Land Herbivore Basegame Gallimimus
100%
Land Carnivore Basegame Giganotosaurus
100%
Land Carnivore Basegame Indominus Rex
100%
Land Carnivore Basegame Indoraptor
100%
Land Piscivore/Carnivore Wetlands DLC Irritator
100%
Land Herbivore Free Update Kentrosaurus
100%
Lagoon Piscivore Basegame Megalodon
100%
Lagoon Piscivore Basegame Mosasaurus
100%
Land Herbivore Basegame Nodosaurus
100%
Land Herbivore Basegame Olorotitan
100%
Land Herbivore Basegame Ornithomimus
100%
Land Herbivore Basegame Pachycephalosaurus
100%
Lagoon Piscivore Basegame Plesiosaurus
100%
Land Herbivore Deluxe Protoceratops
100%
Aviary Piscivore Basegame Pteranodon
100%
Aviary Piscivore Basegame Quetzalcoatlus
100%
Land Herbivore Basegame Sauropelta
100%
Land Herbivore Basegame Sinoceratops
100%
Land Carnivore Basegame Spinosaurus
100%
Land Herbivore Basegame Stegoceratops
100%
Land Herbivore Basegame Stegosaurus
100%
Land Herbivore Basegame Struthiomimus
100%
Land Herbivore Basegame Stygimoloch
100%
Land Piscivore Basegame Suchomimus
100%
Aviary Piscivore Basegame Tapejara
100%
Land Herbivore Basegame Triceratops
100%
Land Carnivore Basegame Tyrannosaurus Rex
100%
Land Carnivore Basegame Utahraptor
100%
Land Carnivore Basegame Yutyrannus
100%
Land Carnivore Basegame Acrocanthosaurus
67%
Land Carnivore Basegame Albertosaurus
67%
Land Herbivore Free Update Amargasaurus
67%
Land Herbivore Basegame Ankylodocus
67%
Land Herbivore Basegame Archaeornithomimus
67%
Lagoon Piscivore Basegame Attenborosaurus
67%
Aviary Piscivore Basegame Caiuajara
67%
Land Herbivore Basegame Chasmosaurus
67%
Land Herbivore Basegame Chungkingosaurus
67%
Land Carnivore Basegame Coelophysis
67%
Land Carnivore Basegame Compsognathus
67%
Land Carnivore Basegame Dimetrodon
67%
Land Herbivore Basegame Dreadnoughtus
67%
Land Herbivore Basegame Dryosaurus
67%
Aviary Piscivore Basegame Geosternbergia
67%
Land Herbivore Basegame Gigantspinosaurus
67%
Land Carnivore Deluxe Guanlong
67%
Land Herbivore Basegame Homalocephale
67%
Land Herbivore Wetlands DLC Hypsilophodon
67%
Lagoon Piscivore Basegame Ichthyosaurus
67%
Land Herbivore Basegame Iguanodon
67%
Lagoon Piscivore Basegame Kronosaurus
67%
Land Herbivore Basegame Lokiceratops
67%
Land Herbivore Basegame Maiasaura
67%
Land Herbivore Basegame Mamenchisaurus
67%
Land Carnivore Basegame Metriacanthosaurus
67%
Land Herbivore Basegame Microceratus
67%
Land Carnivore Basegame Moros Intrepidus
67%
Land Herbivore Basegame Nasutoceratops
67%
Land Omnivore Basegame Oviraptor
67%
Land Herbivore Basegame Parasaurolophus
67%
Land Herbivore Basegame Patagotitan
67%
Land Herbivore Basegame Psittacosaurus
67%
Land Carnivore Basegame Pyroraptor
67%
Land Carnivore Basegame Scorpios Rex
67%
Land Omnivore Basegame Spinoceratops
67%
Land Carnivore Basegame Spinoraptor
67%
Aviary Piscivore Deluxe Thanatosdrakon
67%
Land Carnivore Basegame Troodon
67%
Aviary Piscivore Basegame Tropeognathus
67%
Land Herbivore Basegame Tsintaosaurus
67%
Land Carnivore Basegame Velociraptor
67%
Land Carnivore Basegame Atrociraptor
33%
Land Carnivore Basegame Ceratosaurus
33%
Land Carnivore Deluxe Concavenator
33%
Land Herbivore Basegame Corythosaurus
33%
Land Carnivore Free Update Cryolophosaurus
33%
Land Omnivore Free Update Deinocheirus
33%
Land Carnivore Basegame Deinonychus
33%
Lagoon Piscivore Basegame Dunkleosteus
33%
Land Herbivore Basegame Edmontosaurus
33%
Land Herbivore Basegame Lystrosaurus
33%
Land Carnivore Free Update Majungasaurus
33%
Land Herbivore Basegame Muttaburrasaurus
33%
Land Carnivore Basegame Proceratosaurus
33%
Land Carnivore Basegame Qianzhousaurus
33%
Land Herbivore Basegame Styracosaurus
33%
Land Herbivore Basegame Therizinosaurus
33%
Land Carnivore Basegame Herrerasaurus
0%
No matching quizzes found
Score Distribution
Percent of People with Each Score
Percentile by Number Answered
Your Score History
You have not taken this quiz since the last reset